00440 a2200145 4500020001500000050002000015100002400035245007700059264003100136300001000167500005000177650001800227700002700245700002200272 a0702133841 aKTL834 NEE 1995 aNeethling,Jeauthor aCasebook on the law of delict/cJ.Neethling, J.M Potgieter and T.J Scott aSouth Africa:bJuta,c1995 a815p. aIncludes bibliographical references and index aLaw of delict aPotgierter,J.Meauthor aScott,T.Jeauthor